1399 1329 1211 1097 1530 1310 1291 1515 1897 1551 1938 1681 1467 1880 1586 1727 1940 1429 1985 1144 1944 1655 1221 1791 1240 1548 1485 1600 1423 1537 1178 1995 1321 1267 1951 1820 1868 1128 1645 1207 1260 1062 1984 1697 1141 1416 1498 1437 1834 1124 1117 1679 1418 1073 1727 1949 1036 1732 1673 1427 1662 1134 1253 1979 1277 1873 1046 1379 1359 1529 1733 1072 1487 1790 1232 1974 1060 1053 1680 1401 1135 1351 1826 1648 1181 1270 1653 1684 1147 1300 1690 1273 1382 1063 1359 1018 1739 1677 1099 BCNSPRNW ULIB Ver.6.0+V

เปลี่ยนเป็นภาษาไทย

Change to English
 แสดงรายละเอียดบรรณานุกรม
  กลับหน้าหลัก

Brief Record : Get Marc (ISO 2709) : E-mail record : QR code < ปิดหน้าต่าง
LEADER : 00000nam 2200000uu 4500
001    13399124534
003     ULIB
008    150827s2010||||th 000 0 tha d
020    ^a0323056415 (paperback) ^c^72.95
020    ^a9780323056410 (paperback)
060  4 WY86^bNU974
100 1  ^aAlligood, Martha Raile.
245 10 ^aNursing theorists and their work, 7e / ^cMartha Raile Alligood, Ann Marriner Tomey.
250    ^a7th ed.
260    ^a[S.l.] : ^bMosby, ^c2009.
300    ^a816 p. ; ^c24 cm.
520    ^aThe most comprehensive of its kind, this classic resource in the field of nursing theory provides an in-depth look at 49 theorists of historical, international, and significant importance. Each chapter features a clear, consistent presentation of a key nursing philosophy or theory. Case studies and critical thinking activities help bridge the gap between theory and application. A case study at the end of each theorist chapter puts the theory into a larger perspective, helping you understand how the information can be applied to practice. A Major Concepts & Definitions box in each theorist chapter outlines and summarizes the theory’s most significant ideas and clarifies content-specific vocabulary. Each theorist chapter concludes with an extensive bibliography outlining numerous primary and secondary sources of information ideal for research projects. Critical Thinking Activities at the end of each theorist chapter challenge you to process the theory presented and apply it to personal and hypothetical practice situations. Introductory chapters provide you with a strong foundation in the history and philosophy of science, logical reasoning, and the theory development process. Diagrams for theories help you visualize and better understand inherently abstract concepts. Each theorist chapter is written by a scholar specializing in that particular theorist’s work - often an individual who has worked closely with the theorist. Most chapters have been reviewed and edited by the theorist for currency and accuracy, further validating the accounts set forth in the text. Theorist birth (and if applicable, death) dates help you place each individual into a time context. A new chapter introduces the theorist Afaf Meleis and covers her Transition Theory that has helped shape the theoretical development of nursing. Points for further study at the end of each chapter direct you to assets available for additional information. Need to know information is highlighted in at-a-glance summary boxes throughout to help you quickly review key concepts. Personal quotes from the theorists help you gain insight and make each complex theory more memorable. Updated references include only published works to ensure accuracy and credibility.
700 1  ^aTomey, Ann Marriner.
945    ^p0^l0^i027401
999    ^aเกษร โพธิ์สุวรรณ
รายการนี้ยังไม่มีแท็ก
คุณยังไม่ได้ล็อกอิน คุณสามารถมีกิจกรรมร่วมกับเว็บไซต์ได้ แต่ต้องล็อกอินก่อน ::
  ล็อกอิน

รายการสื่อสารสนเทศ

ลำดับที่ ประเภท เลขเรียก/บาร์โค้ด สถานที่ สถานะ
1. Book การพยาบาล
Book การพยาบาล
WY86 NU974 ฉ.1 
  Barcode: 027401
ห้องสมุดวิทยาเขตสวรรค์ประชารักษ์
►หนังสือทั่วไป
บนชั้น

BibComment


ยังไม่เคยถูกคอมเมนท์

คอมเมนท์ทรัพยากรรายการนี้
  คอมเมนท์: Nursing theorist..


 Copyright 2026. Bcnsprnw @Library